| 000 | 00342nam a2200145Ia 4500 | ||
|---|---|---|---|
| 003 | OSt | ||
| 008 | 191201s2016 xx 000 0 und d | ||
| 082 |
_a510 _bAHK |
||
| 100 | _aAHUJA, Sanjeev | ||
| 245 | 0 | _aKreyszig''s Applied Mathematics-II | |
| 260 |
_aNew Delhi _bWiley India _c2016 |
||
| 300 | _a450 | ||
| 650 | _aApplied | ||
| 942 |
_2ddc _cBK |
||
| 999 |
_c6740 _d6740 |
||